00403pab a2200133 454500008004000000100001800040245011300058260000900171300001400180362000800194650002400202700001500226773002800241180718b2007 xxu||||| |||| 00| 0 eng d aVolker, Beate aSixteen million neighbors: a multilevel study of the role of neighbors in the personal networks of the Dutch c2007 ap.256-84. aNov aNeighbouring rights aFlap, Henk aUrban Affairs Quarterly